000 00622nam a2200229Ia 4500
003 OSt
005 20220927105255.0
006 a|||||r|||| 00| 0
007 ta
008 220926b |||||||| |||| 00| 0 eng d
024 _a187861
037 _cReference Collections
040 _aRTL
_cRTL
_beng
041 _2eng
_aeng
082 _a"X:9, P6"
100 _aWERNER J.M
_9371362
245 0 _aHUMAN RESOURCE DEVELOPMENT
260 _aTHOMSON
_bSOUTH-WESTERN
_c2006
700 _a DESIMONE R.L
_9371363
942 _h"X:9, P6"
_cCC
999 _c691566
_d691566